Cyprus : my deposition
Αποθηκεύτηκε σε:
| Κύριος συγγραφέας: | |
|---|---|
| Μορφή: | Βιβλίο |
| Γλώσσα: | English |
| Δημοσίευση: |
Nicosia :
Alithia,
1989
|
| Θέματα: | |
| Ετικέτες: |
Προσθήκη ετικέτας
Δεν υπάρχουν, Καταχωρήστε ετικέτα πρώτοι!
|
MARC
| LEADER | 00000nam a2200000 i 4500 | ||
|---|---|---|---|
| 001 | 1/87262 | ||
| 008 | 970408s1989 eng d | ||
| 035 | |a 1992 |b 3 |c Δωρεά |l 10035194 | ||
| 040 | |a GR-MY-UA |b gre |e aacr | ||
| 041 | 0 | |a eng | |
| 082 | 0 | |a 956.4504 | |
| 100 | 1 | |a Κλερίδης, Γλαύκος. | |
| 245 | 1 | 0 | |a Cyprus : |b my deposition / |c Glafkos Clerides |
| 260 | |a Nicosia : |b Alithia, |c 1989 | ||
| 300 | |a ... v. | ||
| 651 | 0 | |a Cyprus |x Politics and government |y 1960- | |
| 852 | |a INST |b RHODES |e 19970408 |h 956.4504 CLE |p 005400010511 |q 005400010511 |t BK |y 0 | ||
| 909 | |a Ρ |b 022287 |c 1992 | ||